Music Quiz

Random Music or Rap Quiz

New School Rappers Quiz Stats

 Plays Quiz not verified by Sporcle

Challenge
Share
Tweet
Embed
Score 0/147 Timer 20:00
0 Plays Today
% Correct
21 Savage
79.3%
Migos
78.3%
Cardi B
77.9%
Travi$ Scott
77.9%
XXXtentacion
77.7%
Future
77.7%
Kendrick Lamar
76.9%
Kodak Black
76.5%
Rae Sremmurd
76.5%
Fetty Wap
75.5%
Macklemore
75.2%
Kyle
74.7%
Desiigner
74.5%
Lil Pump
74.3%
Playboi Carti
73.6%
Nicki Minaj
72.9%
Big Sean
72.6%
Wiz Khalifa
72.1%
Lil Yachty
71.4%
Drake
70.9%
Lil Uzi Vert
70.7%
J Cole
67.3%
D.R.A.M.
65.9%
A$AP Ferg
65.6%
A Boogie Wit Da Hoodie
65.6%
Amine
65.4%
Soulja Boy
65.2%
Childish Gambino
64.7%
Logic
61.8%
G Eazy
61.8%
Trippie Redd
61.6%
Ski Mask The Slump God
61.3%
Ugly God
60.6%
Tyler the Creator
59.8%
Chief Keef
59.6%
Kevin Gates
57.4%
Gucci Mane
56.7%
Denzel Curry
54.5%
Kid Cudi
54.5%
MadeinTYO
53.8%
Tee Grizzley
53.4%
Tyga
52.1%
Yo Gotti
51.5%
Rich Chigga
50.7%
Iggy Azalea
50.2%
B.O.B.
48.6%
Young M.A.
48.1%
Chance the Rapper
47.8%
Lil Dicky
47.6%
% Correct
A$AP Rocky
46.7%
O.T. Genasis
45.9%
Young Thug
45%
Schoolboy Q
44.2%
Joey Badass
42.8%
Ace Hood
40.4%
Vince Staples
39.6%
Famous Dex
39.4%
2 Chainz
36.3%
Mac Miller
34.8%
Meek Mill
31.8%
NBA Youngboy
30%
French Montana
29.3%
Sage The Gemini
27.9%
Lupe Fiasco
27.9%
Russ
27.4%
Rich Homie Quan
26.2%
Waka Flocka Flame
25%
GoldLink
24.8%
Hopsin
24.1%
Earl Sweatshirt
24.1%
YG
23.3%
OG Maco
23.1%
Trinidad James
22.4%
Montana of 300
17.5%
Machine Gun Kelly
17.1%
Tech N9ne
17.1%
Ab Soul
16.4%
Rick Ross
15.8%
Kap G
15.6%
Blac Youngsta
15.6%
Rich the Kid
15.4%
Ty Dolla $ign
14%
Wale
13.9%
Young Dolph
13.9%
Dej Loaf
13.7%
Kid Ink
13.7%
Asher Roth
13.7%
K Camp
13.7%
Action Bronson
12.8%
Danny Brown
12.8%
Vic Mensa
12.5%
Isaiah Rashad
12.3%
Kirko Bangz
11.3%
Joyner Lucas
11.1%
Capital STEEZ
10.6%
Big K.R.I.T
10.4%
Jay Rock
9.6%
Lil Durk
9.4%
% Correct
Yelawolf
9.2%
ASAP Twelvyy
9.2%
Azizi Gibson
7.9%
Dave East
7.7%
Freddie Gibbs
7.7%
Boosie Badazz
7.4%
Azealia Banks
7.4%
Mick Jenkins
7.4%
Lil B
7%
Bankroll Fresh
7%
Lecrae
7%
Troy Ave
6.7%
Raury
6.3%
Angel Haze
6.3%
Diggy Simmons
6%
Charles Hamilton
6%
Starlito
5.7%
G Herbo
5.5%
Curren$y
5.5%
Fredo Santana
5.5%
Nyck Caution
5.1%
Remy Frost
5.1%
Jarren Benton
5%
CJ Fly
5%
Jay Critch
4.6%
Shy Glizzy
4.6%
Dizzy Wright
4.5%
Riff Raff
4.5%
Jon Connor
4.5%
Don Q
4.3%
Lil Snupe
4.3%
SpaceGhostPurrp
4.1%
Lil Bibby
3.8%
Kamaiyah
3.8%
Don Trip
3.6%
Fat Trel
3.6%
Problem
3.4%
Smoke DZA
3.3%
Kirk Knight
3.3%
Tink
2.9%
Moneybagg Yo
2.7%
Ralo
2.7%
Rapsody
2.6%
Lil Twist
2.4%
Roscoe Dash
2.4%
Rico Recklezz
2.4%
King Louie
2.2%
John Wicks
2.2%
Snow The Product
1.9%

You're not logged in!

Compare scores with friends on all Sporcle quizzes.
OR
Log In

You Might Also Like...

Show Comments

Extras

Created Oct 18, 2017ReportNominate
Tags:Rap Quiz, Rap Artists, Rap Songs

Top Quizzes Today


Score Distribution

Your Account Isn't Verified!

In order to create a playlist on Sporcle, you need to verify the email address you used during registration. Go to your Sporcle Settings to finish the process.

Report this User

Report this user for behavior that violates our Community Guidelines.

Details: